00581nam a22001337a 4500008004100000020001500041050003400056245022000090260003300310300002800343440003800371700001900409800001900428140902b xxu||||| |||| 00| 0 eng d a0406090424 aKD275.3.L39(1873-75 vol. 5-6) aThe Law Reports (1873-75 vol. 5-6) Privy Council: Privy Council Appeals, Cases heard and determined by the Judicial Committee and the Lords of Her Majesty's most Honorable Privy Council. /cReported by W. Macpherson aLondon:bButterworth,c1873. axii, 476 pagingsc24cm. pAppeal cases, 1873-1875vVol. 5&6 aMacpherson, W. aMacpherson, W.